000 00471nam a2200181Ia 4500
005 20250326141444.0
008 250326s9999 xx 000 0 und d
037 _aTextbook
040 _aFMSL
_beng
_cFMSL
041 _aeng
_2eng
084 _qFMSL
100 _aHolland J B
_9744502
245 0 _aInternational ficial Management
_cHolland J B
260 _aOxford
_bOxford, Basil Blackwell
_c1986
300 _a262p
942 _cTB
999 _c1290393
_d1290393